Znane zespoły Disco Polo - Statystyki

Ogólne statystyki
  • Ten quiz został rozwiązany 805 razy
    192 od ostatniego zresetowania
  • Średni wynik to 4 z 13
Statystyki odpowiedzi
Ilość Wykonawca % Poprawnych
1. Zenek Martyniuk | Akcent
93%
2. Boys
89%
8. Bayer Full
37%
11. Skolim
35%
4. Classic
33%
7. Łobuzy
31%
10. Milano
30%
13. Czadoman
27%
9. Miły Pan
21%
12. Topky
18%
3. Masters
15%
6. Daj To Głośniej
13%
5. Discoboys
3%
Nie znaleziono quizów pasujących do podanych kryteriów
Rozkład punktacji
Procent ludzi z każdym wynikiem
Percentyl według liczby udzielonych odpowiedzi
Twoja historia wyników
Nie rozwiązałeś tego quizu od ostatniego zresetowania